Normal view
MARC view
Entry Geographic Name
001 - CONTROL NUMBER
- control field: 32486
003 - CONTROL NUMBER IDENTIFIER
- control field: ARRUPE
005 - DATE AND TIME OF LATEST TRANSACTION
- control field: 20170612094830.0
008 - FIXED-LENGTH DATA ELEMENTS
- fixed length control field: 170612|| aca||aabn | a|a d
040 ## - CATALOGING SOURCE
- Original cataloging agency: ARRUPE
- Transcribing agency: ARRUPE
151 ## - HEADING--GEOGRAPHIC NAME
- Geographic name: Nigeria
- General subdivision: History
- Chronological subdivision: 1851-1899
- General subdivision: Juvenile literature.
670 ## - SOURCE DATA FOUND
- Source citation: Work cat.: (ARRUPE)61429: Igbafe, Philip Aigbona. 32484, Obaseki of Benin., 1972.